000 01841nas a2200241 a 4500
005 20250415094420.0
007 ta
008 250129e2016 dr f||p|r||||||0| 0 spa d
040 _aDO-SdBNP
_cDO-SdBNP
_erda
041 _hspa
110 _aUniversidad Autónoma de Santo Domingo (UASD)
_984760
_bFacultad de Ciencia de la Educación (FCE)
245 _aFacetas educativas :
_brevista de la Facultad de Ciencias de la Educación de la Universidad Autónoma de Santo Domingo UASD /
_cFacultad de Ciencia de la Educación (FCE).
264 _aSanto Domingo, República Dominicana :
_bFacultad de Ciencia de la Educación (FCE),
_c2016.
300 _avolumen :
_bilustraciones, fotografías, graficas, tablas ;
_c28 cm.
310 _aSemestral.
336 _atexto
_btxt
_2rdacontent
337 _asin mediación
_bn
_2rdamedia
338 _avolumen
_bnc
_2rdacarrier
362 _aAño 1, Número 1. Enero-Junio 2016.
520 _aFacetas Educativas es una revista de carácter académico y científico de la Facultad de Ciencias de la Educación (FCE) de la Universidad Autónoma de Santo Domingo (UASD). Surge en el 2016, como espacio al servicio de la reflexión crítica en materia educativa, con el propósito de aportar a la formación intelectual de docentes y estudiantes de Educación, para la mejora de la calidad educativa y el desarrollo integral sostenible. Desde el año 2023, el Consejo Editorial de la revista ha adoptado una nueva política de difusión, mediante la cual la ha llevado a ser editada en formato digital en el Open Journal System (OJS). Con esta política, Facetas Educativas da un salto cualitativo en su divulgación, para estar al servicio de la comunicada académica y científica global.
650 0 _aEducación superior
_9736
_vPublicaciones periódicas
_zRepública Dominicana
942 _2ddc
_cISSUE
999 _c58096
_d58096